| 000 | 01004cam a2200217 4500 | ||
|---|---|---|---|
| 001 | X113986 | ||
| 008 | 010807n2001 000 0 eng u | ||
| 035 | _a(Sirsi) u113986 | ||
| 245 | _aDavid Wilson Homes v Survey Services Ltd (in Lquidation) and Another | ||
| 260 | _c2001 | ||
| 490 |
_aBuilding Law Reports _v6 [2001] 267-271(5) |
||
| 520 | _aCA 18 January 2001. Arbitration agreement - Abitration Act 1996 s6 - Insurance policy - Reference of disputes to Queen's Counsel - Stay of proceedings | ||
| 650 | _aMANAGEMENT-DISPUTE AVOIDANCE, MANAGEMENT AND RESOLUTION-DISPUTE MANAGEMENT AND RESOLUTION-ARBITRATION | ||
| 650 | _aARBITRATION ACT 1996 S6 | ||
| 650 | _aDAVID WILSON HOMES LIMITED V SURVEY SERVICES LTD (NOW IN LIQUIDATION) AND MARSHALL | ||
| 650 |
_aInsurance _96249 |
||
| 650 | _aSTAY OF PROCEEDINGS | ||
| 650 | _aTHIRD PARTIES (RIGHTS AGAINST INSURERS) ACT 1930 | ||
| 690 | _aMANGEMENT-DISPUTE AVOIDANCE, MANAGEMENT AND RESOLUTION-DISPUTE MANAGEMENT AND RESOLUTION | ||
| 942 | _n0 | ||
| 999 |
_c67935 _d67935 |
||